| 000 | 00562nam a22001937a 4500 | ||
|---|---|---|---|
| 003 | OSt | ||
| 005 | 20140310182329.0 | ||
| 008 | 130313t xxu||||| |||| 00| 0 eng d | ||
| 020 | _a0750208317 | ||
| 050 |
_aBL 860 _b.H855n 1993 |
||
| 082 |
_aGS 398.20948 _bH86 1993 |
||
| 100 |
_aHull, Robert _917031 |
||
| 245 |
_aNorse stories / _cRobert Hull ; illustrated by Adam Stower and Jonathon Heap. |
||
| 260 |
_aCambridge : _bThomson Learning, _c1993. |
||
| 300 |
_a48 p. : _bcol. ill. ; _c28 cm. |
||
| 650 |
_aTitle _9403 |
||
| 942 |
_2lcc _cBK-GS |
||
| 999 |
_c11952 _d11952 |
||